<?xml version='1.0' encoding='UTF-8'?>
  <record xmlns="http://www.loc.gov/MARC21/slim">
    <leader>00000ctm a2200000 i 4500</leader>
    <controlfield tag="001">on1045796297</controlfield>
    <controlfield tag="003">OCoLC</controlfield>
    <controlfield tag="005">20220125081009.0</controlfield>
    <controlfield tag="008">180725s1864    ne            000 0cdut d</controlfield>
    <datafield tag="040" ind1=" " ind2=" ">
      <subfield code="a">QGJ</subfield>
      <subfield code="b">eng</subfield>
      <subfield code="e">rda</subfield>
      <subfield code="e">dcrmmss</subfield>
      <subfield code="c">QGJ</subfield>
      <subfield code="d">QGJ</subfield>
      <subfield code="d">OCLCQ</subfield>
      <subfield code="d">OCLCO</subfield>
    </datafield>
    <datafield tag="035" ind1=" " ind2=" ">
      <subfield code="a">(OCoLC)1045796297</subfield>
    </datafield>
    <datafield tag="100" ind1="1" ind2=" ">
      <subfield code="a">Coenen van 'sGravesloot, Jan François Leonard,</subfield>
      <subfield code="d">1817-1885,</subfield>
      <subfield code="e">author.</subfield>
      <subfield code="4">aut</subfield>
      <subfield code="0">(isni)0000000391770563</subfield>
    </datafield>
    <datafield tag="245" ind1="1" ind2="0">
      <subfield code="a">Genealogie van Van Buchel, Van Buchell of Buchellius :</subfield>
      <subfield code="b">een oud adelijk geslacht eertijds gebloeid hebbende in Gelderland, Sticht van Utrecht en Aarts-Sticht van Keulen, omstreeks den jare 1690 uitgestorven ... /</subfield>
      <subfield code="c">meerendeels opgemaakt uit medegedeelde berigten door A.C. Baron Snouckaert van Schauburg en J.J. Dodt van Flensburg en het Tijdschrift van Utrecht III jaargang 1837 bl. 20, 59, 165 en 241 en uit oorspronkelijke stukken, blijkens de inventaris hierbij behoorende door J.F.L. Coenen,</subfield>
      <subfield code="f">UBU Hs 8 N 24 no 20.</subfield>
    </datafield>
    <datafield tag="264" ind1=" " ind2="0">
      <subfield code="a">[Utrecht] :</subfield>
      <subfield code="c">1864.</subfield>
    </datafield>
    <datafield tag="300" ind1=" " ind2=" ">
      <subfield code="a">8 leaves ;</subfield>
      <subfield code="c">329 x 199 mm</subfield>
    </datafield>
    <datafield tag="336" ind1=" " ind2=" ">
      <subfield code="a">text</subfield>
      <subfield code="b">txt</subfield>
      <subfield code="2">rdacontent</subfield>
    </datafield>
    <datafield tag="337" ind1=" " ind2=" ">
      <subfield code="a">unmediated</subfield>
      <subfield code="b">n</subfield>
      <subfield code="2">rdamedia</subfield>
    </datafield>
    <datafield tag="338" ind1=" " ind2=" ">
      <subfield code="a">volume</subfield>
      <subfield code="b">nc</subfield>
      <subfield code="2">rdacarrier</subfield>
    </datafield>
    <datafield tag="340" ind1=" " ind2=" ">
      <subfield code="a">Paper</subfield>
    </datafield>
    <datafield tag="500" ind1=" " ind2=" ">
      <subfield code="a">Added: Inventaris der stukken behoorende bij de genealogie van het geslacht Van Buchell.</subfield>
    </datafield>
    <datafield tag="581" ind1=" " ind2=" ">
      <subfield code="a">Bibliothèque J. F. L. Coenen van 's Gravesloot : superbe collection de mss. et livres sur la généalogie et l'héraldique, la topographie, l'histoire et la géographie etc. Amsterdam 1918. Nr. 1021 (p. 122)</subfield>
    </datafield>
    <datafield tag="524" ind1="8" ind2=" ">
      <subfield code="a">Cite as: Universiteitsbibliotheek Utrecht Hs 8 N 24 no. 20.</subfield>
    </datafield>
    <datafield tag="541" ind1="1" ind2=" ">
      <subfield code="c">Purchase;</subfield>
      <subfield code="a">De Vries;</subfield>
      <subfield code="b">Amersfoort;</subfield>
      <subfield code="d">192005</subfield>
    </datafield>
    <datafield tag="561" ind1=" " ind2=" ">
      <subfield code="a">Auctioned by R.W.P. de Vries, Amsterdam 1918, 2-4 November.</subfield>
    </datafield>
    <datafield tag="600" ind1="3" ind2="4">
      <subfield code="a">Van Buchell family.</subfield>
    </datafield>
    <datafield tag="710" ind1="2" ind2=" ">
      <subfield code="a">Universiteit Utrecht.</subfield>
      <subfield code="b">Bibliotheek.</subfield>
      <subfield code="k">Manuscript</subfield>
      <subfield code="n">(Hs. 8 N 24th)</subfield>
    </datafield>
    <datafield tag="740" ind1="0" ind2=" ">
      <subfield code="a">Inventaris der stukken behoorende bij de genealogie van het geslacht Van Buchell.</subfield>
    </datafield>
    <datafield tag="773" ind1="0" ind2="8">
      <subfield code="i">Contained in (item):</subfield>
      <subfield code="t">Verzameling van documenten over Buchelius en zijn familie, UBU Hs 8 N 24</subfield>
      <subfield code="w">(OCoLC)1045795720</subfield>
    </datafield>
  </record>